General Studies: Mock Test and Previous Year Papers (Record no. 215068)

MARC details
000 -LEADER
fixed length control field 00650nam a22001817a 4500
005 - DATE AND TIME OF LATEST TRANSACTION
control field 20260301160740.0
010 ## - LCCN (DPL NO)
LC control number BACEN26
020 ## - INTERNATIONAL STANDARD BOOK NUMBER
International Standard Book Number 9789395764940
Terms of availability 495.00
037 ## - SOURCE OF ACQUISITION
Source of stock number/acquisition OakBridge Publishing
082 ## - DEWEY DECIMAL CLASSIFICATION NUMBER
Classification number 000
100 ## - MAIN ENTRY--PERSONAL NAME
Personal name Mishra, Sudhanshu
245 ## - TITLE STATEMENT
Title General Studies: Mock Test and Previous Year Papers
Remainder of title for UPPSC Mains Examination /
Statement of responsibility, etc by Mishra Sudhanshu [and] C.S Nikunj Gupta
260 ## - PUBLICATION, DISTRIBUTION, ETC. (IMPRINT)
Place of publication, distribution, etc Delhi
Name of publisher, distributor, etc Doaba Publications
Date of publication, distribution, etc 2025
270 ## - ADDRESS
Address Shanti Mohan House, 16 Ansari Road Darya Ganj,
City New Delhi
Postal code 110002
300 ## - PHYSICAL DESCRIPTION
Extent 444p.
Dimensions 24cm(pb)
700 ## - ADDED ENTRY--PERSONAL NAME
Personal name Gupta, CS Nikunj
9 (RLIN) 87587
942 ## - ADDED ENTRY ELEMENTS (KOHA)
Source of classification or shelving scheme Dewey Decimal Classification
Item type English Books
Classification part 000
Call number suffix MIS

No items available.


© Delhi Public Library
Hit Counter
free hit counter